[Event "FRA-chT2W 0203"]
[Site "France"]
[Date "2003.03.08"]
[Round "7"]
[White "Market, Hubert"]
[Black "Lanoe, Brendan"]
[Result "0-1"]
[WhiteElo "1760"]
[BlackElo "1950"]
[PlyCount "58"]
[EventDate "2002.10.??"]
[EventType "team"]
[EventRounds "11"]
[EventCountry "FRA"]
[SourceTitle "EXT 2004"]
[Source "ChessBase"]
[SourceDate "2003.11.25"]
[SourceVersion "1"]
[SourceVersionDate "2003.11.25"]
[SourceQuality "1"]
[WhiteTeam "Bordeaux II"]
[BlackTeam "Clermont Ferrand"]
[WhiteTeamCountry "FRA"]
[BlackTeamCountry "FRA"]

1. e4 e5 2. Nf3 Nc6 3. Bb5 a6 4. Ba4 Nf6 5. 0-0 b5 6. Bb3 d6 7. Re1 Bg4 8. c3 Na5 9. Bc2 c5 10. d4 cxd4 11. cxd4 exd4 12. Qd3 Bxf3 13. Qxf3 Rc8 14. Bd3 Be7 15. Nd2 Nd7 16. Qg3 0-0 17. Nf3 Nc6 18. e5 Ncxe5 19. Nxd4 Bh4 20. Bxh7+ Kxh7 21. Qh3 Kg8 22. Re4 Ng6 23. Nf5 Bf6 24. Qh5 Rc2 25. Bh6 Qb6 26. Rf1 Rxb2 27. g4 Qc6 28. Rfe1 Qc5 29. Be3 Qc2 0-1

[Event "FRA-chT2W 0203"]
[Site "France"]
[Date "2002.12.08"]
[Round "4"]
[White "Messier, David"]
[Black "Lanoe, Brendan"]
[Result "0-1"]
[WhiteElo "1760"]
[BlackElo "1680"]
[PlyCount "48"]
[EventDate "2002.10.??"]
[EventType "team"]
[EventRounds "11"]
[EventCountry "FRA"]
[SourceTitle "EXT 2004"]
[Source "ChessBase"]
[SourceDate "2003.11.25"]
[SourceVersion "1"]
[SourceVersionDate "2003.11.25"]
[SourceQuality "1"]
[WhiteTeam "Migne Auxances"]
[BlackTeam "Clermont Ferrand"]
[WhiteTeamCountry "FRA"]
[BlackTeamCountry "FRA"]

1. e4 e5 2. f4 exf4 3. Bc4 Qh4+ 4. Kf1 Qe7 5. Nc3 Nc6 6. d4 g5 7. e5 d6 8. Nd5 Qd8 9. Qh5 dxe5 10. Nb6 Nh6 11. Nxa8 Bg4 12. Bxf7+ Kd7 13. Qxg4+ Nxg4 14. d5 Nd4 15. c3 Ke7 16. cxd4 Kxf7 17. Nxc7 Qxc7 18. h3 Nf6 19. Nf3 exd4 20. Nxg5+ Kg6 21. Ne6 Qc4+ 22. Kf2 Nxd5 23. Nxf4+ Nxf4 24. Bxf4 d3 0-1

[Event "FRA-ch U14"]
[Site "Hyeres"]
[Date "2002.??.??"]
[Round "5.9"]
[White "Lanoe, Brendan"]
[Black "Brethes, Francois"]
[Result "0-1"]
[WhiteElo "1610"]
[BlackElo "1990"]
[PlyCount "100"]
[EventDate "2002.04.05"]
[EventType "swiss"]
[EventRounds "9"]
[EventCountry "FRA"]
[SourceTitle "EXT 2003"]
[Source "ChessBase"]
[SourceDate "2002.11.25"]
[SourceVersion "1"]
[SourceVersionDate "2002.11.25"]
[SourceQuality "1"]

1. e4 e6 2. d4 d5 3. Nd2 Nf6 4. Bd3 c5 5. dxc5 Bxc5 6. Nb3 Bb6 7. exd5 Nxd5 8. Nf3 Nc6 9. c3 Bd7 10. 0-0 0-0 11. Qc2 h6 12. Re1 Rc8 13. Qd1 a6 14. Re2 Qc7 15. Qe1 Nf4 16. Bxf4 Qxf4 17. Re4 Qf6 18. Ne5 Nxe5 19. Rxe5 Bxf2+ 20. Qxf2 Qxe5 21. Re1 Qd6 22. Rd1 Qe7 23. Qb6 Bc6 24. Bc2 Rfd8 25. Re1 Qg5 26. Qf2 Ba4 27. Rf1 Rd7 28. Qb6 Bxb3 29. Qxb3 Qc5+ 30. Kh1 Qc4 31. Qxc4 Rxc4 32. Bb3 Rc8 33. Rf4 Rcd8 34. h3 Rd2 35. Rb4 Rxb2 36. Rxb7 Rdd2 37. Rb8+ Kh7 38. Rb7 Rxg2 39. Rxf7 Rgd2 40. Kg1 Rb1+ 41. Rf1 Rxf1+ 42. Kxf1 e5 43. Ke1 Rh2 44. Be6 g6 45. Kd1 Kg7 46. c4 Rxa2 47. c5 Ra5 48. c6 Rc5 49. Bd7 Kf6 50. Ke2 Ke7 0-1